| 000 | 00622cam a22002173a 4500 | ||
|---|---|---|---|
| 001 | 43424 | ||
| 003 | PGUSA | ||
| 005 | 20140828084004.0 | ||
| 008 | 130809s2013||||xxu|||||s|||||000 | eng d | ||
| 040 |
_aPGUSA _beng |
||
| 042 | _adc | ||
| 100 | 1 | _aBrooks, Eva Cannon | |
| 245 | 1 | 0 |
_aFrancisco Our Little Argentine Cousin _h[electronic resource] / _cEva Cannon Brooks |
| 260 |
_bProject Gutenberg, _c2013 |
||
| 506 | _aPublic domain in the USA. | ||
| 516 | _aElectronic text | ||
| 700 | 1 |
_aGoss, John, _d1886-1963 |
|
| 830 | 0 |
_aProject Gutenberg _v43424 |
|
| 856 | 4 | 0 | _uhttp://www.gutenberg.org/ebooks/43424 |
| 942 | _cEB | ||
| 999 |
_c272675 _d272675 |
||